The Silmarillion: All characters starting with O - Statistics

General Stats
  • This quiz has been taken 34 times
  • The average score is 4 of 5
Answer Stats
Hint Answer % Correct
Leader together with his brother Elwe of the hosts of the Teleri on the westward journey from Cuivienen: Olwe
100%
A Vala, the great hunter. Leader of the Elves from Cuivienen: Orome
96%
A Maia, vassel of Ulmo, with whom he entered the waters of Arda: Osse
92%
The 2nd son of Finarfin. King of Nargothrond after the death of Finrod his brother: Orodreth
83%
'Warrior' esquire of Isildur, who brought the shards of Elendil's sword to Imladris: Ohtar
42%
No matching quizzes found
Score Distribution
Percent of People with Each Score
Percentile by Number Answered
Your Score History
You have not taken this quiz